000 00923nam2a22002411 4500
001 RU\NLR\Per\533539
005 20250617163423.0
035 _a(NLR Aleph) 002781859
090 _a2412901
_c2412901
100 _a20080403d2006 |||y0rusy50 ca
101 0 _arus
102 _aRU
105 _ay ||||000|y
200 0 _a2006, № 7 (43)
210 _d2006
_aБ. м.
461 0 _1001RU\NLR\INFOCOMM6\5000403585
_12001#$aСекретарь-референт$eСпециализир. журн. для секретарей всех уровней$v2006, № 7 (43)
_93037567
_cМ.
_d2002 -
_nПрофи-груп
_oСпециализир. журн. для секретарей всех уровней
_tСекретарь-референт
_x1813-9493
_v2006, № 7 (43)
801 1 _aRU
_bInfoComm
_c20050822
801 0 _aRU
_bNLR
_gPSBO
852 _aNLR
_jП23/5580
942 _cISSUE
980 _aNB
980 _aRUSPER